Punjabis War and Women: (Record no. 200529)

MARC details
000 -LEADER
fixed length control field 00542nam a22001817a 4500
005 - DATE AND TIME OF LATEST TRANSACTION
control field 20240205170209.0
010 ## - LCCN (DPL NO)
LC control number ENG-139104
020 ## - INTERNATIONAL STANDARD BOOK NUMBER
International Standard Book Number 9788170265078
Terms of availability 695.00
035 ## - SYSTEM CONTROL NUMBER
System control number EN-122636
037 ## - SOURCE OF ACQUISITION
Source of stock number/acquisition DBAD/PUB
082 ## - DEWEY DECIMAL CLASSIFICATION NUMBER
Classification number S
100 ## - MAIN ENTRY--PERSONAL NAME
Personal name Franda Marcus
245 ## - TITLE STATEMENT
Title Punjabis War and Women:
Remainder of title The short stories of gulzar singh sandhu/
Statement of responsibility, etc By Marcus Franda
260 ## - PUBLICATION, DISTRIBUTION, ETC. (IMPRINT)
Place of publication, distribution, etc New Delhi
Name of publisher, distributor, etc HERITAGE PUBLISHERS
Date of publication, distribution, etc 2022
270 ## - ADDRESS
City New Delhi
Address 19-A ,Ansari Road,Daryaganj
Postal code 110002
300 ## - PHYSICAL DESCRIPTION
Extent 271p.
Dimensions 9cm(hb)
942 ## - ADDED ENTRY ELEMENTS (KOHA)
Source of classification or shelving scheme Dewey Decimal Classification
Item type English Books
Call number suffix FRA
Classification part S
Holdings
Withdrawn status Lost status Not for loan Collection code Home library Current library Date acquired Source of acquisition Cost, normal purchase price Full call number Barcode Copy number Cost, replacement price Koha item type
      Fiction Sarojini Nagar Sarojini Nagar 02/02/2024 DBAD/PUB 695.00 S FRA EN-122636 1 695.00 English Books

© Delhi Public Library
Hit Counter
free hit counter